书目信息 |
| 题名: |
师路花语
|
|
| 作者: | 李清富, 著 | |
| 分册: | ||
| 出版信息: | 哈尔滨 北方文艺出版社 2020.09 |
|
| 页数: | 296页 | |
| 开本: | 24cm | |
| 丛书名: | ||
| 单 册: | ||
| 中图分类: | G4 | |
| 科图分类: | ||
| 主题词: | 教育工作--jiao yu gong zuo | |
| 电子资源: | ||
| ISBN: | 978-7-5317-4726-0 | |
| 000 | 00892nam0 2200241 450 | |
| 001 | CAL 0120203083239 | |
| 005 | 20201019102311.9 | |
| 010 | @a978-7-5317-4726-0@dCNY68.00 | |
| 100 | @a20201019d2020 em y0chiy0120 ea | |
| 101 | 0 | @achi |
| 102 | @aCN@b230000 | |
| 105 | @aak z 000yy | |
| 106 | @ar | |
| 200 | 1 | @a师路花语@Ashi lu hua yu@f李清富著 |
| 210 | @a哈尔滨@c北方文艺出版社@d2020.09 | |
| 215 | @a296页@c图@d24cm | |
| 314 | @a李清富, 现任教于威信县旧城中心。 | |
| 330 | @a本书具体内容分为两个部分, 第一部分以作者参加工作的时间为序, 记录了工作中的一些点滴, 再现了自己成长的足迹, 第二部分收录了作者参与或主持的几个课题的研究报告或方案, 以及2008年以来作者本人所撰写的发表或获奖的主要教育教学经验文章。 | |
| 606 | 0 | @a教育工作@Ajiao yu gong zuo |
| 690 | @aG4@v5 | |
| 701 | 0 | @a李清富,@Ali qing fu@f1966-@4著 |
| 801 | 0 | @aCN@b人天书店@c20201019 |
| 905 | @aTSG@b0001689@dG4@eL231@f2 | |
| 师路花语/李清富著.-哈尔滨:北方文艺出版社,2020.09 |
| 296页:图;24cm |
| ISBN 978-7-5317-4726-0:CNY68.00 |
| 本书具体内容分为两个部分, 第一部分以作者参加工作的时间为序, 记录了工作中的一些点滴, 再现了自己成长的足迹, 第二部分收录了作者参与或主持的几个课题的研究报告或方案, 以及2008年以来作者本人所撰写的发表或获奖的主要教育教学经验文章。 |
| ● |
| 相关链接 |
|
|
|
正题名:师路花语
索取号:G4/L231
 
预约/预借
| 序号 | 登录号 | 条形码 | 馆藏地/架位号 | 状态 | 备注 |
| 1 | 1532523 | 215325235 | 社科库409/409社科库 120排4列5层/ [索取号:G4/L231] | 在馆 | |
| 2 | 1532524 | 215325244 | 社科库409/409社科库 120排4列5层/ [索取号:G4/L231] | 在馆 |